|
|
|
|
| LEADER |
00000cam a2200000 7i4500 |
| 001 |
0000000948 |
| 005 |
20151222.0 |
| 008 |
070703 |
| 020 |
|
|
|a 9830602095
|
| 020 |
|
|
|a 983060215X(set)
|
| 090 |
0 |
0 |
|a JF
|b PR MAL (500)
|
| 100 |
0 |
|
|a Anjang Ali
|
| 245 |
1 |
0 |
|a Pak Mamat
|c Anjang Ali
|
| 260 |
|
|
|a Selangor :
|b Hasrat Murni ,
|c 2004
|
| 440 |
|
|
|a Siri novel keluarga bahagia
|
| 500 |
|
|
|a Children ages 7-9 years old (orange)
|
| 650 |
|
0 |
|a Junior fiction
|x Malay
|x Languages
|
| 650 |
|
0 |
|a Public relation
|
| 710 |
0 |
|
|a Title
|
| 999 |
|
|
|a 0000916806
|b Book
|c Children Collection
|e Cawangan Bukit Gambir
|
| 999 |
|
|
|a 0000916807
|b Book
|c Children Collection
|e Cawangan Bukit Gambir
|
| 999 |
|
|
|a 0000916808
|b Book
|c Children Collection
|e Cawangan Bukit Gambir
|
| 999 |
|
|
|a 0000930296
|b Book
|c Children Collection
|e Cawangan Tangkak
|
| 999 |
|
|
|a 0000930297
|b Book
|c Children Collection
|e Cawangan Tangkak
|
| 999 |
|
|
|a 0000930298
|b Book
|c Children Collection
|e Cawangan Tangkak
|
| 999 |
|
|
|a 0000956892
|b Book
|c Children Collection
|e Perbadanan Perpustakaan Awam Johor
|
| 999 |
|
|
|a 0000956893
|b Book
|c Children Collection
|e Perbadanan Perpustakaan Awam Johor
|
| 999 |
|
|
|a 0000956894
|b Book
|c Children Collection
|e Cawangan Bandar Tenggara
|
| 999 |
|
|
|a 0000956896
|b Book
|c Children Collection
|e Perbadanan Perpustakaan Awam Johor
|